000 00329nam a2200145Ia 4500
008 240624s9999 xx 000 0 und d
041 _aeng
082 _a519.5 VER
100 _aVERZANI JOHN
245 _aUSING R FOR INTRODUCTORY STATISTICS
250 _a(2nd ed.)
260 _c2014
300 _a518 p.
365 _cBPS
_b31
999 _c30903
_d30903